| 000 | 01960cam a22004814i 4500 | ||
|---|---|---|---|
| 003 | PE-LiUPU | ||
| 005 | 20250731165556.0 | ||
| 008 | 150625s2000 pe a r 000 0 spa d | ||
| 035 | _a(Sirsi) a36193 | ||
| 040 |
_aPE-LiUPU _bspa _cPE-LiUPU _erda |
||
| 082 | 0 | 4 |
_a001.42 _bV19 _221 |
| 100 | 1 |
_aValderrama Mendoza, Santiago, _eautor. |
|
| 245 | 1 | 0 |
_aPasos para elaborar proyectos y tesis de investigación científica / _cSantiago Valderrama Mendoza. |
| 264 | 1 |
_aLima : _bSan Marcos, _c[2000]. |
|
| 300 |
_a310 páginas : _bilustraciones, cuadros, figuras ; _c24 centímetros |
||
| 336 |
_atext _2rdacontent |
||
| 337 |
_aunmediated _2rdamedia |
||
| 338 |
_avolume _2rdacarrier |
||
| 505 | 0 | _aCiencia,método e investigación. -algunos métodos básicos para la investigación científica. -¿Cómo elavorar un proyecto de investigación. -Población y muestra. -Técnicas e instrumentos de investigación. -La tesis o el imforme científico. -Esquemas o diseños de investigación. | |
| 526 | _aSEG44 | ||
| 526 | _aSEG26 | ||
| 526 | _aP151 | ||
| 526 | _aP150 | ||
| 526 | _aP149 | ||
| 526 | _aP146 | ||
| 526 | _aP145 | ||
| 526 | _aP126 | ||
| 526 | _aP125 | ||
| 526 | _aP92 | ||
| 526 | _aP75 | ||
| 526 | _aP74 | ||
| 526 | _aP27 | ||
| 526 | _aP15 | ||
| 541 | _g111-0009398; | ||
| 650 | 0 | 4 |
_aInvestigación científica _xMetodología. _94674 |
| 650 | 0 | 4 | _aProyectos de investigación. |
| 650 | 0 | 4 |
_aTesis y disertaciones académicas _xMetodología. |
| 910 |
_bct _caj _d20050620 |
||
| 942 |
_2ddc _cBOOK |
||
| 949 |
_a001.42 V19 _wDEWEY _c1 _i55330 _lCCODEBUL1 _mBUL _p9.00 _r0 _sY _tBOOK _u2015-06-25 _xEDUCACION _PP33 _0COMPRA _o.STAFF. Colección General |
||
| 596 | _a1 | ||
| 999 |
_a001.42 V19 _wDEWEY _c44238 _i55330 _d44238 _e2016-9-28 _f2021-11-4 _g5 _lCCODEBUL1 _mBUL _n4 _p9.00 _q4 _r0 _sY _tBOOK _u2015-6-25 _xBIBLIOTECA _PP33 _0COMPRA _o.STAFF. Colección Ciencias de la Salud |
||
| 980 |
_81 _gALBERTO SANCHEZ Responsable de Automatización |
||